00403 a2200109 4500001001000000005001700010008004100027245006100068100002400129773012300153999001700276ART_2312620260410161929.0260409a 10aProyecto de seguro agricola para la provincia de mendoza1 aToranzos, Fausto I.0 tRevista de la Facultad de Ciencias Económicas de la Universidad de Cuyog- Año I, Nº 3 (ago./dic. 1949)wREV22981 c28397d28397